LEADER 01484nam a2200313 a 4500 001 000000126234 003 CaOOAMICUS 005 20110908115152.0 008 110908s2011 ne u000 u eng r 020 $a978-90-04-20171-2 040 $aPUL$bita 082 04$a225.5 100 1 $aTalbert, Charles H.,$d1963-$0(OLS)http://pul/name/55247 245 14$aThe development of christology during the first hundred years and other essays on early Christian christology /$cby Charles H. Talbert. 260 $aLeiden ;$aBoston :$bBrill,$c©2011. 300 $a204 p. ;$c25 cm 490 1 $aSupplements to Novum Testamentum ;$v140 504 $aInclude riferimenti bibliografici e indici. 650 14$aChiesa$xStoria$yChiesa primitiva, ca. 30-600.$0(OLS)http://pul/subject/93 650 04$aCristologia$xStudi.$0(OLS)http://pul/subject/36480 830 0$aSupplements to Novum Testamentum ;$v140.$0(OLS)http://pul/title/4774 850 $aPUL 852 $aPUL$W1$xSL Religione 3$y85$m225. 5 COLL 1.140$j145596$qDDC 21$B144459$CPULBib$Z2$F144459 $H117782 $82 941 1 $a9 996 $6020$a978-90-04-20171-2$9(OLS)http://pul/number/147912 996 $6082$a225.5$9(OLS)http://pul/classification/1678 996 $6245$aThe development of christology during the first hundred years and other essays on early Christian christology$9(OLS)http://pul/title/159402 996 $6260$aLeiden ;$aBoston :$bBrill$9(OLS)http://pul/publisher/68781 LEADER 01517nam a2200301 u 4500 001 000000075730 003 CaOOAMICUS 005 20070226123131.0 008 031017s2003 gw u000 u ger u 020 $a3110178362 035 $a10973302 040 $aPUL$bita 100 1 $aPockrandt, Mark.$0(OLS)http://pul/name/50359 245 10$aBiblische Aufkläring :$bBiographie und Theologie der Berliner Hofprediger August Friedrich Wilhelm Sack (1703-1786) und Friedrich Samuel Gottfried Sack (1738-1817) /$cMark Pockrandt. 260 $aBerlin :$bWalter de Gruyter,$c2003. 300 $axv, 772 p. ;$c24 cm 490 1 $aArbeiten zur Kirchengeschichte ;$v86 500 $aInclude indici. 504 $aBibliografia in nota. 600 14$aSack, August Friedrich Wilhelm,$d1703-1786.$0(OLS)http://pul/subject/26438 600 14$aSack, Friedrich Samuel Gottfried,$d1738-1817.$0(OLS)http://pul/subject/26439 830 0$aArbeiten zur Kirchengeschichte ;$v86.$0(OLS)http://pul/title/4204 850 $aPUL 852 $aPUL$W1$xSL Filosofia 1$y2$m115 L 86$j97378$nBK-PRI$b $qStampati$B97378$CPULBib$Z2$F97378 $H92798 $81 941 1 $a8 996 $6020$a3110178362$9(OLS)http://pul/number/98989 996 $6245$aBiblische Aufkläring :$bBiographie und Theologie der Berliner Hofprediger August Friedrich Wilhelm Sack (1703-1786) und Friedrich Samuel Gottfried Sack (1738-1817)$9(OLS)http://pul/title/99370 996 $6260$aBerlin :$bWalter de Gruyter$9(OLS)http://pul/publisher/48231 LEADER 01100nam a2200265 u 4500 001 000000079862 003 CaOOAMICUS 005 20070226123602.0 008 040616s2002 enk u000 u eng u 020 $a0714652288 035 $a10999645 040 $aPUL$bita 100 1 $aDror, Yehezkel,$d1928-$0(OLS)http://pul/name/53219 245 14$aThe capacity to govern :$ba report to the Club of Rome /$cYehezkel Dror. 260 $aLondon ;$aPortland :$bFrank Cass,$c2002. 300 $axvi, 264 p. ;$c24 cm 500 $aContiene indici. 504 $aBibliografia in appendice. 650 4$aScienza della politica$xStudi.$0(OLS)http://pul/subject/8924 850 $aPUL 852 $aPUL$W1$xSL Diritto e Scienze Sociali 3$y79$m320. 01 DROYE 1$j120119$nBK-PRI$qDDC 21$B102101$CPULBib$Z2$F102101 $H90928 $82 941 1 $a9 996 $6020$a0714652288$9(OLS)http://pul/number/105259 996 $6245$aThe capacity to govern :$ba report to the Club of Rome$9(OLS)http://pul/title/104606 996 $6260$aLondon ;$aPortland :$bFrank Cass$9(OLS)http://pul/publisher/75737